VALORANT Tier 1 Teams (VCT 2025) - Statistics

General Stats
  • This quiz has been taken 252 times
  • The average score is 24 of 48
Answer Stats
Answer % Correct
Sentinels
88%
Fnatic
74%
LOUD
74%
Cloud9
70%
MIBR
70%
Paper Rex
70%
Team Heretics
70%
Team Liquid
70%
100 Thieves
67%
NRG
67%
FURIA
65%
Team Vitality
64%
DRX
63%
Leviatán
63%
G2 Esports
62%
EDward Gaming
60%
Evil Geniuses
60%
T1
60%
Karmine Corp
52%
KRÜ Esports
51%
TALON
48%
Gentle Mates
47%
Apeks
46%
BBL Esports
46%
Bilibili Gaming
46%
Wolves Esports
46%
FUT Esports
45%
KOI
44%
GIANTX
43%
BOOM Esports
42%
Team Secret
42%
Gen.G Esports
41%
Dragon Ranger Gaming
40%
Natus Vincere
40%
2GAME Esports
39%
Rex Regum Qeon
39%
Trace Esports
39%
ZETA Division
38%
Global Esports
37%
DetonatioN FocusMe
36%
Nongshim RedForce
32%
All Gamers
31%
FunPlus Phoenix
30%
TYLOO
28%
Nova Esports
26%
Titan Esports Club
24%
JD Gaming
21%
XLG Esports
20%
No matching quizzes found
Score Distribution
Percent of People with Each Score
Percentile by Number Answered
Your Score History
You have not taken this quiz